MANUAL DE PRODUCCION HORTICOLA EN INVERNADERO (Registro nro. 51714)
[ vista simple ]
| 000 -LEADER | |
|---|---|
| fixed length control field | 00881nam a2200193 a 4500 |
| 001 - CONTROL NUMBER | |
| control field | 51714 |
| 005 - DATE AND TIME OF LATEST TRANSACTION | |
| control field | 20180714041255.0 |
| 008 - FIXED-LENGTH DATA ELEMENTS--GENERAL INFORMATION | |
| fixed length control field | 140415s2004 mx 000 0 spa d |
| 020 ## - INTERNATIONAL STANDARD BOOK NUMBER | |
| International Standard Book Number | 9709402102 |
| 041 ## - LANGUAGE CODE | |
| Language code of text/sound track or separate title | spa |
| 082 ## - DEWEY DECIMAL CLASSIFICATION NUMBER | |
| Classification number | 635 |
| Item number | MAN |
| 245 00 - TITLE STATEMENT | |
| Title | MANUAL DE PRODUCCION HORTICOLA EN INVERNADERO |
| 250 ## - EDITION STATEMENT | |
| Edition statement | 1a ed. |
| 260 ## - PUBLICATION, DISTRIBUTION, ETC. | |
| Place of publication, distribution, etc. | MEXICO : |
| Name of publisher, distributor, etc. | INDETERMINADO, |
| Date of publication, distribution, etc. | 2004 |
| 300 ## - PHYSICAL DESCRIPTION | |
| Extent | 336 |
| Dimensions | 21.5 x 2.6 x 27.6 |
| 520 ## - SUMMARY, ETC. | |
| Summary, etc. | CON LA ENTRADA EN VIGOR DEL TRATADO D ELIBRE COMRCIO, SE HAN GENERADO UNA SERIE DE CAMBIOS Y AJUSTES MAYORES EN EL SECTOR AGRICOLA NACIONAL. ESTO SE DEBE A LAS GRANDES ASIMETRIAS QUE EXISTEN EN TRE LA ECONOMIA DE MEXICO Y LAS DE ESTADOS UNIDOS Y CANADA, Y CUYAS DIFERENCIAS RESULTAN DE LAS POLITICAS GUBERNAMENTALES DE LARGO PLAZO, DEL APOYO A ESTE SECTOR |
| 650 14 - SUBJECT ADDED ENTRY--TOPICAL TERM | |
| Topical term or geographic name entry element | HORTICULTURA |
| General subdivision | INVERNADEROS |
| 700 1# - ADDED ENTRY--PERSONAL NAME | |
| Personal name | CASTELLANOS, JAVIER Z. |
| Relator term | pról. |
| Withdrawn status | Lost status | Source of classification or shelving scheme | Damaged status | Not for loan | Collection code | Home library | Current library | Shelving location | Date acquired | Source of acquisition | Inventory number | Total Checkouts | Total Renewals | Full call number | Barcode | Date last seen | Date last checked out | Price effective from | Koha item type |
|---|---|---|---|---|---|---|---|---|---|---|---|---|---|---|---|---|---|---|---|
| Dewey Decimal Classification | General | Biblioteca Karol Wojtyla | Biblioteca Karol Wojtyla | Sala general | 03/12/2013 | Compra | 151000000000000000011541 | 1 | 1 | 635 MAN | 76981 | 05/01/2026 | 16/08/2022 | 03/12/2013 | Libro |